00879cam 2200277 i 4500001000800000005001700008008004100025035002100066906004500087010001700132020001500149040001800164050002400182082001100206100001600217245005500233250001100288260006000299300001900359440004600378504003900424650002500463952003000488991005000518099003300568418982419940719172740.9800527m19811983mau b 001 0 eng  9(DLC) 80017603 a7bcbccorignewdueocipf19gy-gencatlg a 80017603  a0201144719 aDLCcDLCdDLC00aQA76.9.D3bD37 198100a001.641 aDate, C. J.13aAn introduction to database systems /cC. J. Date. a3d ed. aReading, Mass. :bAddison-Wesley Pub. Co.,c1981-c1983. a2 v. ;c25 cm. 0aAddison-Wesley systems programming series aIncludes bibliographies and index. 0aDatabase management. aV. 2. added be27 12/3/82. bc-GenCollhQA76.9.D3iD37 1981tCopy 1wBOOKS adate-introduction-1072113496